History of the modern Japanese economy

Guardado en:
Detalles Bibliográficos
Autor principal: Nariai, Osamu
Formato: Libro
Lenguaje:Undetermined
Publicado: Japan Foreign Press Center 1984
Etiquetas: Agregar Etiqueta
Sin Etiquetas, Sea el primero en etiquetar este registro!
Thư viện lưu trữ: Trung tâm Học liệu Trường Đại học Cần Thơ
LEADER 00445nam a2200169Ia 4500
001 CTU_96698
008 210402s9999 xx 000 0 und d
082 |a 330.952 
082 |b N229 
100 |a Nariai, Osamu 
245 0 |a History of the modern Japanese economy 
245 0 |c Osamu Nariai 
260 |a Japan 
260 |b Foreign Press Center 
260 |c 1984 
904 |i Năm 
980 |a Trung tâm Học liệu Trường Đại học Cần Thơ